| 000 | 00660nam a2200217Ii 4500 | ||
|---|---|---|---|
| 003 | JO-AjNU | ||
| 008 | 230605s9999||||xx |||||||||||||| ||und|| | ||
| 017 | _a2005/1/55 | ||
| 040 |
_aJO-AjNU _bara _erda _cJO-AjNU |
||
| 041 | _aara | ||
| 050 | 1 | 4 | _aPJ7816.U454.A98 2005 |
| 100 | 3 |
_aبولند، هدى, _eauthor _918802 |
|
| 245 | 0 | 0 | _aابن المختار: مجموعة قصصية |
| 250 | _aط1 | ||
| 264 | 3 | 1 | _aعمان: دار البشير للنشر والتوزيع، 2005 |
| 300 | _a86ص | ||
| 336 |
_atext _btxt _2rdacontent |
||
| 337 |
_aunmediated _bn _2rdamedia |
||
| 338 |
_avolume _bnc _2rdacarrier |
||
| 650 | 4 |
_aروايات عربية _918803 |
|
| 999 |
_aA6082 _c9650 _d9650 |
||